000 00358nam a2200133Ia 4500
005 20260328101524.0
008 260328s9999||||xx |||||||||||||| ||und||
100 _aNunes, Débora
245 0 _aPedagogia da participacao :
_b Trabalhando com Comunidades /
_cDébora Nunes
260 _bQuarteto Editora
300 _a128 p.
650 _aURBANISMO
942 _cBK
999 _c9729
_d9729